00620cam a22001932 4500001001100000005001700011008004100028020001700069040001500086100003500101245009800136250001400234260003400248300003000282650003900312700003400351700003800385852000300423000001921220151217152148.0101021s xx 000 0 eng d a007128804x : aKABUcKABU1 aJacobs, F. Robert.@000015648810aOperations and supply management /cF. Robert Jacobs, Richard B. Chase, Nicholas J. Aquilano. a12th ed. aBoston :bMcGraw-Hill,c2009. axix, 776 p. +e1 CD-ROM. 0aProduction management.@00001551811 aChase, Richard B.@00001564851 aAquilano, Nicholas J.@00001564841